| 000 | 06425nam a2200421 i 4500 | ||
|---|---|---|---|
| 001 | 000001586 | ||
| 003 | DO-SdBNP | ||
| 005 | 20250621074003.0 | ||
| 007 | ta | ||
| 008 | 090623s2007 dr 000 0 spa d | ||
| 020 | _a9789993467366 | ||
| 020 | _a9993467367 | ||
| 040 |
_aDO-SdBNP _bspa _cBNPHU _erda |
||
| 082 | 4 |
_a923.8 _bJ61m _222 |
|
| 100 | 1 |
_aJiménez Maxwell, Joaquín, _d1935 - _95210 _eautor _4aut. |
|
| 245 | 1 | 0 |
_aMemorias del fracaso de un triunfador / _cJoaquín Jiménez Maxwell ; diseño de portada, Julian Amado. |
| 264 | 1 |
_aSanto Domingo : _bBúho, _c2007. |
|
| 300 |
_a342 páginas ; _c23 cm. |
||
| 336 |
_atexto _btxt _2rdacontent |
||
| 337 |
_asin mediación _bn _2rdamedia |
||
| 338 |
_avolumen _bnc _2rdacarrier |
||
| 365 | _b$450.00 | ||
| 500 | _aIncluye biografía del autor en la solapa de las cubiertas. | ||
| 500 | _aIncluye referencias bibliográficas y notas al pie de las páginas. | ||
| 505 | 0 | _aCapítulo-- Proyecto y fuentes de financiamientos -- Capítulo-- Primera transmisión experimental -- Capítulo-- Programación musical -- Capítulo-- Selección del personal -- Capítulo-- Estrategia mercadológica -- Capítulo-- Sagrado compromiso con mi socio -- Capítulo-- Incursión en el negocio disquero -- Capítulo-- Creación del moderno periodismo radial -- Capítulo-- Adversidades y soluciones técnicas -- Capítulo-- Conspiración contra Juan Bosch -- Capítulo-- Perfiles psicopáticos de los golpistas -- Capítulo-- Mítines de agitación política -- Capítulo-- Estampida de la corrupción política, militar, religiosa, policial y empresarial -- Capítulo-- Conspiración competitiva -- Capítulo-- Obsesión de Donald Ried Cabral contra Radio Mil -- Capítulo-- Explosión del polvorín en el campamento militar 27 de Febrero -- Capítulo-- Compra del restaurant-Terraza-cafetería El Napolitano -- Capítulo 18. Revolución de abril -- Capítulo-- Embajada norteamericana solicita mis servicios profecionales -- Capítulo Operación limpieza -- Capítulo-- El mito del comunismo -- Capítulo-- Gringos allanan mi hogar -- Capítulo-- Mi apresamiento en San Cristóbal -- Capítulo-- Encierro en La Victoria -- Capítulo-- Llegada a Nueva York y consecuencias -- Capítulo-- Retorno a mi país -- Capítulo-- Reinicio de Radio Mil Informativo -- Capítulo-- Voladura de Radio Mil -- Capítulo-- Retorno al país del Dr. Balaguer -- Capítulo 30. Elecciones libres -- Capítulo-- Restricciones a la prensa -- Capítulo-- Prensa seria -- Capítulo-- El gobierno del Este -- Capítulo-- Cooperación de Radio Mil al régimen ... | |
| 505 | 0 | _a... -- Capítulo-- Mi viaje a Washington -- Capítulo-- Balaguer dona frecuencias estatales -- Capítulo-- Invasión del gangsterismo cubano -- Capítulo-- Explosión represiva de Balaguer y la CIA -- Capítulo-- Creación del piano bar El Napolitano -- Capítulo-- Continuación de la represión policial -- Capítulo-- Secuestro del coronel Crowley -- Capítulo-- Muerte de García-Godoy -- Capítulo-- Frustrado golpe de estado de Wessin -- Capítulo-- Síndrome del comunismo -- Capítulo-- Nuestro apoyo a Balaguer -- Capítulo -- La banda juvenil y su sangrienta historia -- Capítulo-- Don Rafael Herrera, mi ángel de la guarda -- Capítulo-- Le aplican a la banda el código del silencio -- Capítulo-- Nuestro apoyo al régimen balaguerista -- Capítulo-- Asesinato de Sagrario Díaz -- Capítulo-- Retorno del Coronel Caamaño al país -- Capítulo-- Asesinato de Gollito -- Capítulo-- Reunión en RD de la Asociación Interamericana de Radiodifusión -- Capítulo-- Construcción del Hotel Napolitano -- Capítulo-- Imitación autorizada de Radio Mil Informando en Brazil -- Capítulo-- La CIA abandona a Balaguer y se concentra en Chile -- Capítulo-- Los tentáculos de la "Operación Cóndor" -- Capítulo-- Oligarquía norteamericana, la más criminal del mundo -- Capítulo-- Globalización de la censura periodística -- Capítulo-- Reelección de Balaguer, con votos o con botas -- Capítulo-- Espectáculo artístico ·7 días con el pueblo· -- Capítulo-- Asesinato de Orlando Martínez y otros -- Capítulo-- Cártel de ADORA -- Capítulo 64. Nueva programación de RTVD y consecuencias... | |
| 505 | 0 | _a... -- Capítulo-- Mi elección como presidente de ADOMEDIOS -- Capítulo-- Primer aviso de la mala administración de mi socio fundador -- Capítulo-- Cambio de política exterior norteamericana -- Capítulo-- Acoso militar y policial contra Antonio Guzmán -- Capítulo-- Mi asilo domiciliario -- Capítulo-- Triunfo de Antonio Guzmán e intento de golpe -- Capítulo-- Borrón y cuenta nueva -- Capítulo-- Jimmy Carter apoya gobierno constitucional -- Capítulo-- Visita al país de Juan Pablo II -- Capítulo-- Mi socio propone la creación de un banco comercial -- Capítulo-- Llegada del huracán David -- Capítulo-- Suicidio del Presidente Guzmán -- Capítulo-- Primer engaño de mi socio -- Capítulo-- Llegada de Roland Murmann al país -- Capítulo-- El desastroso gobierno jorgeblanquista -- Capítulo 80. Invitaciones y ofertas de suizo -- Capítulo-- Sin consultarme, mi socio le vendió a Murmann -- Capítulo-- Provocaciones de mi socio -- Capítulo-- Salvador Jorge Blanco intenta sobornarme -- Capítulo-- El fondo monetario y la matanza de abril -- Capítulo-- Las represalias de la presidencia -- Capítulo-- Celebración de la única asamblea legal de accionistas de Radio Mil -- Capítulo-- Otro traidor difamador -- Capítulo 88. Explotación de los beneficios plutocráticos -- Capítulo-- Acosos, amenazas e intentos de agresiones físicas -- Capítulo-- Procesos judiciales fallados por el gobierno -- Capítulo-- Amigos solidarios -- Capítulo-- Visita a Jacobo Majluta -- Capítulo-- Propuesta de la compra compulsiva de mis acciones -- Capítulo-- Firma compulsiva del contrato de compra-venta -- Capítulo-- Consecuencias y conclusiones -- Capítulo-- Reflexiones. | |
| 590 | _aInventariado, 2024 / MF | ||
| 650 | 4 |
_aRadiodifusión periodística _95211 |
|
| 650 | 4 |
_aEstaciones de radioaficionados _zRepública Dominicana _xHistoria _95212 |
|
| 650 | 4 |
_aLocutores de radio _91170 |
|
| 650 | 4 |
_aLocución por radio _93788 |
|
| 651 | 4 |
_aRepública Dominicana _xHistoria _9170 |
|
| 651 | 0 |
_aRepública Dominicana _xPolítica y gobierno _945 |
|
| 700 | 1 |
_aAmado, Julian, _ediseño de portada _929282 |
|
| 910 | 0 | _aValidado. Control de calidad MFF | |
| 942 |
_2ddc _cLBS1 |
||
| 999 |
_c1482 _d1482 |
||